[Event "Bundesliga 1718"]
[Site "Germany"]
[Date "2018.02.24"]
[Round "9.3"]
[White "Kopylov, Michael"]
[Black "Ginsburg, Gennadij"]
[Result "1-0"]
[WhiteElo "2424"]
[BlackElo "2443"]
[PlyCount "81"]
[EventDate "2017.10.21"]
[EventType "team-tourn"]
[EventRounds "15"]
[EventCountry "GER"]
[SourceTitle "CBM 183"]
[Source "ChessBase"]
[SourceDate "2018.03.14"]
[SourceVersion "1"]
[SourceVersionDate "2018.03.14"]
[SourceQuality "1"]
[WhiteTeam "Norderstedt"]
[BlackTeam "Hofheim"]
[WhiteTeamCountry "GER"]
[BlackTeamCountry "GER"]

1. d4 Nf6 2. c4 g6 3. g3 Bg7 4. Bg2 0-0 5. Nc3 d6 6. Nf3 Nc6 7. 0-0 Bf5 8. d5 Na5 9. Nd2 c6 10. b4 Nxd5 11. cxd5 Bxc3 12. e4 Bxa1 13. exf5 cxd5 14. bxa5 e6 15. Nb3 Bg7 16. fxe6 fxe6 17. Nd4 Bxd4 18. Qxd4 Qxa5 19. Bb2 e5 20. Qxd5+ Qxd5 21. Bxd5+ Kg7 22. f4 Kh6 23. Bc1 exf4 24. Rxf4 Rxf4 25. Bxf4+ g5 26. Be3 Re8 27. Bxa7 Re5 28. Bb3 Re2 29. h3 Kg6 30. Kf1 Rd2 31. Be3 Rb2 32. Bd4 Rd2 33. Bc3 Rh2 34. Bd5 Rxh3 35. Kg2 g4 36. Bxb7 Kf7 37. a4 Ke7 38. a5 Kd7 39. a6 Kc7 40. Ba5+ Kb8 41. Bb6 1-0

[Event "Bundesliga 1718"]
[Site "Germany"]
[Date "2018.02.03"]
[Round "7.2"]
[White "Mista, Aleksander"]
[Black "Ginsburg, Gennadij"]
[Result "1-0"]
[WhiteElo "2595"]
[BlackElo "2443"]
[PlyCount "99"]
[EventDate "2017.10.21"]
[EventType "team-tourn"]
[EventRounds "15"]
[EventCountry "GER"]
[SourceTitle "CBM 183"]
[Source "ChessBase"]
[SourceDate "2018.03.14"]
[SourceVersion "1"]
[SourceVersionDate "2018.03.14"]
[SourceQuality "1"]
[WhiteTeam "Berlin SF"]
[BlackTeam "Hofheim"]
[WhiteTeamCountry "GER"]
[BlackTeamCountry "GER"]

1. e4 e5 2. Nf3 Nc6 3. Bb5 a6 4. Ba4 Nf6 5. 0-0 Be7 6. Re1 b5 7. Bb3 d6 8. c3 0-0 9. h3 Na5 10. Bc2 c5 11. d4 Nd7 12. Nbd2 exd4 13. cxd4 Nc6 14. d5 Nce5 15. Nxe5 Nxe5 16. f4 Ng6 17. Nf3 Bh4 18. Nxh4 Qxh4 19. f5 Ne5 20. Rf1 g5 21. f6 Kh8 22. Bd2 Bd7 23. Be1 Qh6 24. Bg3 Rae8 25. Qd2 Rg8 26. b4 Nc4 27. Qc3 g4 28. h4 Qe3+ 29. Qxe3 Nxe3 30. Rf2 cxb4 31. Re1 Nc4 32. Bb3 Ne5 33. Rc2 Rc8 34. Rec1 Rxc2 35. Rxc2 Rc8 36. Rxc8+ Bxc8 37. Kf2 a5 38. Ke3 h5 39. Kd4 Kh7 40. Bxe5 dxe5+ 41. Kxe5 g3 42. Kf4 Kg6 43. e5 Bf5 44. d6 Bd7 45. Bc2+ Kh6 46. Bf5 b3 47. axb3 a4 48. bxa4 bxa4 49. Bxd7 a3 50. Be6 1-0

[Event "Bundesliga 1718"]
[Site "Germany"]
[Date "2017.12.10"]
[Round "6.4"]
[White "Zysk, Robert"]
[Black "Ginsburg, Gennadij"]
[Result "1-0"]
[WhiteElo "2400"]
[BlackElo "2443"]
[PlyCount "83"]
[EventDate "2017.10.21"]
[EventType "team-tourn"]
[EventRounds "15"]
[EventCountry "GER"]
[SourceTitle "CBM 182"]
[Source "ChessBase"]
[SourceDate "2018.01.17"]
[SourceVersion "1"]
[SourceVersionDate "2018.01.17"]
[SourceQuality "1"]
[WhiteTeam "Muenchen Zugzwang"]
[BlackTeam "Hofheim"]
[WhiteTeamCountry "GER"]
[BlackTeamCountry "GER"]

1. d4 Nf6 2. c4 e6 3. Nf3 d5 4. g3 Bb4+ 5. Bd2 Be7 6. Bg2 c6 7. Qc2 Nbd7 8. 0-0 0-0 9. Bf4 Nh5 10. Bc1 f5 11. b3 Kh8 12. Ba3 Bxa3 13. Nxa3 Qe7 14. Qc1 b6 15. Nc2 Bb7 16. Qa3 Qxa3 17. Nxa3 Nhf6 18. Rfd1 a5 19. Rac1 g6 20. e3 Kg7 21. Nb1 h6 22. h4 Ne4 23. Nc3 Rac8 24. Nd2 Ba6 25. Ncxe4 dxe4 26. f3 exf3 27. Nxf3 Rfd8 28. Re1 Nf6 29. c5 b5 30. Ne5 Bb7 31. a4 Nd5 32. axb5 cxb5 33. c6 Ba8 34. Rc5 a4 35. bxa4 bxa4 36. Kf2 Rc7 37. Ra1 Rb8 38. Bxd5 Rb2+ 39. Kf3 exd5 40. Rxa4 g5 41. hxg5 hxg5 42. Rxa8 1-0

[Event "Bundesliga 1718"]
[Site "Germany"]
[Date "2017.10.21"]
[Round "1.3"]
[White "Ginsburg, Gennadij"]
[Black "McShane, Luke J"]
[Result "0-1"]
[WhiteElo "2443"]
[BlackElo "2647"]
[PlyCount "52"]
[EventDate "2017.10.21"]
[EventType "team-tourn"]
[EventRounds "15"]
[EventCountry "GER"]
[SourceTitle "CBM 181"]
[Source "ChessBase"]
[SourceDate "2017.11.10"]
[SourceVersion "1"]
[SourceVersionDate "2017.11.10"]
[SourceQuality "1"]
[WhiteTeam "Hofheim"]
[BlackTeam "Werder Bremen"]
[WhiteTeamCountry "GER"]
[BlackTeamCountry "GER"]

1. e4 e5 2. Nf3 Nc6 3. Bb5 Nf6 4. Nc3 Nd4 5. Ba4 c6 6. d3 Bc5 7. Nxd4 Bxd4 8. 0-0 0-0 9. Ne2 Bb6 10. Bg5 h6 11. Bd2 d5 12. Ng3 dxe4 13. dxe4 Ng4 14. Nh1 Qh4 15. h3 Nf6 16. Bb4 Rd8 17. Qf3 Nxe4 18. Rad1 Ng5 19. Rxd8+ Bxd8 20. Qa3 Bxh3 21. gxh3 Nxh3+ 22. Kg2 Nf4+ 23. Kg1 Bb6 24. Bd2 Qg4+ 25. Ng3 Rd8 26. Bc1 Rd3 0-1

[Event "Maccabiah GM-B"]
[Site "Jerusalem"]
[Date "2017.07.12"]
[Round "7"]
[White "Ginsburg, Gennadij"]
[Black "Erenberg, Ariel"]
[Result "1-0"]
[WhiteElo "2454"]
[BlackElo "2375"]
[PlyCount "45"]
[EventDate "2017.07.05"]
[EventType "tourn"]
[EventRounds "9"]
[EventCountry "ISR"]
[EventCategory "9"]
[SourceTitle "CBM 179 Extra"]
[Source "ChessBase"]
[SourceDate "2017.08.23"]
[SourceVersion "1"]
[SourceVersionDate "2017.08.23"]
[SourceQuality "1"]

1. e4 c5 2. Nf3 d6 3. d4 cxd4 4. Nxd4 Nf6 5. Nc3 a6 6. Bg5 e6 7. f4 Qb6 8. a3 Nbd7 9. Bc4 Be7 10. Qd2 h6 11. Bxf6 Bxf6 12. 0-0-0 0-0 13. Kb1 Qc7 14. Ba2 Nb6 15. Qd3 Bd7 16. g4 e5 17. g5 hxg5 18. fxg5 Bxg5 19. Rhg1 Bf4 20. Nf5 Bxf5 21. exf5 Qd8 22. Qh3 Qf6 23. Rg6 1-0

[Event "LUX-chT 2016/17"]
[Site "Luxembourg"]
[Date "2016.10.23"]
[Round "3"]
[White "Weber, Tom"]
[Black "Ginsburg, Gennadij"]
[Result "1-0"]
[WhiteElo "2413"]
[BlackElo "2466"]
[PlyCount "58"]
[EventDate "2016.09.25"]
[EventType "team-tourn"]
[EventRounds "10"]
[EventCountry "LUX"]
[SourceTitle "EXT 2018"]
[Source "ChessBase"]
[SourceDate "2017.10.13"]
[SourceVersion "1"]
[SourceVersionDate "2017.10.13"]
[SourceQuality "1"]

1. c4 Nf6 2. g3 g6 3. Bg2 Bg7 4. Nc3 0-0 5. e4 c5 6. Nge2 Nc6 7. 0-0 d6 8. d3 Bd7 9. h3 a6 10. Be3 e5 11. Qd2 Nd4 12. f4 b5 13. Rae1 b4 14. Nd1 Rb8 15. fxe5 dxe5 16. Nxd4 cxd4 17. Bh6 Bxh6 18. Qxh6 Be6 19. Rf3 Nd7 20. Nf2 Qa5 21. Ra1 Nc5 22. h4 Qa4 23. h5 Qd7 24. Rf1 Qa4 25. g4 Rb7 26. Nh3 Bxg4 27. Rf6 Ne6 28. hxg6 hxg6 29. Ng5 Nxg5 1-0

[Event "BL2-West 1617"]
[Site "Germany"]
[Date "2016.10.16"]
[Round "1.3"]
[White "Goudriaan, Etienne"]
[Black "Ginsburg, Gennadij"]
[Result "0-1"]
[WhiteElo "2367"]
[BlackElo "2466"]
[PlyCount "52"]
[EventDate "2016.10.16"]
[EventType "team-tourn"]
[EventRounds "9"]
[EventCountry "GER"]
[SourceTitle "CBM 175 Extra"]
[Source "ChessBase"]
[SourceDate "2016.12.12"]
[SourceVersion "1"]
[SourceVersionDate "2016.12.12"]
[SourceQuality "1"]
[WhiteTeam "Bochum"]
[BlackTeam "Hofheim"]
[WhiteTeamCountry "GER"]
[BlackTeamCountry "GER"]

1. d4 Nf6 2. c4 g6 3. Nc3 Bg7 4. e4 d6 5. Nf3 0-0 6. h3 e5 7. d5 a5 8. g4 Na6 9. Be3 c6 10. Be2 cxd5 11. cxd5 b6 12. Nd2 Nc5 13. a3 Ba6 14. Bxa6 Rxa6 15. Qe2 Ra8 16. f3 a4 17. Qb5 Nfd7 18. g5 h5 19. h4 f5 20. Ke2 Ra5 21. Qb4 Qc8 22. Nc4 fxe4 23. Nxe4 Nxe4 24. fxe4 Nc5 25. Bxc5 Rxc5 26. Rac1 b5 0-1

[Event "BL2-Sued 1516"]
[Site "Germany"]
[Date "2016.04.10"]
[Round "9.2"]
[White "Tarlev, Konstantin"]
[Black "Ginsburg, Gennadij"]
[Result "1-0"]
[WhiteElo "2578"]
[BlackElo "2475"]
[PlyCount "81"]
[EventDate "2015.09.20"]
[EventType "team-tourn"]
[EventRounds "9"]
[EventCountry "GER"]
[SourceTitle "EXT 2017"]
[Source "ChessBase"]
[SourceDate "2016.10.25"]
[SourceVersion "1"]
[SourceVersionDate "2016.10.25"]
[SourceQuality "1"]
[WhiteTeam "Viernheim"]
[BlackTeam "Hofheim"]
[WhiteTeamCountry "GER"]
[BlackTeamCountry "GER"]

1. Nf3 Nf6 2. c4 e6 3. g3 d5 4. Bg2 Be7 5. 0-0 0-0 6. d4 c5 7. cxd5 exd5 8. Nc3 Nc6 9. Bg5 cxd4 10. Nxd4 h6 11. Be3 Re8 12. Qb3 Na5 13. Qc2 Bg4 14. Rad1 Bb4 15. Ndb5 Bxc3 16. Nxc3 Rc8 17. Rfe1 Rxe3 18. fxe3 Qe7 19. Qd3 Nc4 20. Nxd5 Nxd5 21. Qxd5 Nxe3 22. Qxb7 Rc7 23. Qe4 Nxd1 24. Rxd1 Qc5+ 25. Kf1 Bf5 26. Qf4 g5 27. Qf3 Qc2 28. Rd8+ Kg7 29. Qa3 Rc5 30. Qe3 Qc1+ 31. Kf2 Qxe3+ 32. Kxe3 Be6 33. a3 Rb5 34. b4 Re5+ 35. Kd3 a5 36. Bc6 axb4 37. axb4 Kf6 38. e4 Ke7 39. Rh8 Kd6 40. Kd4 f6 41. b5 1-0

[Event "BL2-Sued 1516"]
[Site "Germany"]
[Date "2016.01.17"]
[Round "5.3"]
[White "Ruck, Robert"]
[Black "Ginsburg, Gennadij"]
[Result "1/2-1/2"]
[WhiteElo "2565"]
[BlackElo "2475"]
[PlyCount "96"]
[EventDate "2015.09.20"]
[EventType "team-tourn"]
[EventRounds "9"]
[EventCountry "GER"]
[SourceTitle "EXT 2017"]
[Source "ChessBase"]
[SourceDate "2016.10.25"]
[SourceVersion "1"]
[SourceVersionDate "2016.10.25"]
[SourceQuality "1"]
[WhiteTeam "Schwegenheim"]
[BlackTeam "Hofheim"]
[WhiteTeamCountry "GER"]
[BlackTeamCountry "GER"]

1. Nf3 Nf6 2. c4 e6 3. Nc3 d5 4. d4 Be7 5. Bf4 0-0 6. e3 a6 7. c5 b6 8. b4 Nc6 9. a3 Ne4 10. Nxe4 dxe4 11. Ne5 Nxe5 12. Bxe5 Bf6 13. Bg3 bxc5 14. bxc5 Bd7 15. Bc4 Bc6 16. Qe2 a5 17. 0-0 Qe7 18. Rab1 g6 19. Rb2 h5 20. h3 Kg7 21. Rfb1 Rfd8 22. Ba6 Ra7 23. Rb8 Rxb8 24. Rxb8 h4 25. Bf4 e5 26. dxe5 Bxe5 27. Bxe5+ Qxe5 28. Bb5 Bxb5 29. Qxb5 c6 30. Qb2 Qxb2 31. Rxb2 Rd7 32. Kf1 Rd1+ 33. Ke2 Rc1 34. Rd2 Rxc5 35. Rd4 Rc2+ 36. Kf1 f5 37. f3 exf3 38. gxf3 g5 39. f4 gxf4 40. Rxf4 Kg6 41. Rxh4 Rc3 42. Ke2 Rxa3 43. Rc4 Ra1 44. Rxc6+ Kg5 45. Ra6 a4 46. Kf3 a3 47. Kg2 a2 48. Kh2 Re1 1/2-1/2

[Event "EU-Cup 31st"]
[Site "Skopje"]
[Date "2015.10.21"]
[Round "4.2"]
[White "Ginsburg, Gennadij"]
[Black "Peng, Zhaoqin"]
[Result "0-1"]
[WhiteElo "2511"]
[BlackElo "2376"]
[PlyCount "76"]
[EventDate "2015.10.18"]
[EventType "team-swiss"]
[EventRounds "7"]
[EventCountry "MKD"]
[SourceTitle "CBM 169"]
[Source "ChessBase"]
[SourceDate "2015.11.10"]
[SourceVersion "1"]
[SourceVersionDate "2015.11.10"]
[SourceQuality "1"]
[WhiteTeam "Echternach Sprenger"]
[BlackTeam "En Passant"]
[WhiteTeamCountry "LUX"]
[BlackTeamCountry "NED"]

1. e4 d6 2. d4 Nf6 3. Nc3 e5 4. Nf3 Nbd7 5. Bc4 Be7 6. 0-0 Nb6 7. Bb3 exd4 8. Qxd4 0-0 9. h3 a5 10. a4 Nfd7 11. Be3 Nc5 12. Qd2 Nxb3 13. cxb3 c6 14. Rfd1 Nd7 15. Qc2 Qc7 16. Rd2 Nc5 17. Rad1 Re8 18. Bxc5 dxc5 19. e5 Be6 20. Ne4 Bd5 21. Neg5 g6 22. Ne4 Qb6 23. Re1 Bxb3 24. Qc1 Red8 25. Rde2 Kg7 26. Nf6 h6 27. Ng4 Rh8 28. e6 f6 29. Rd2 Bd5 30. Nh4 Qb4 31. b3 Rad8 32. Qc2 f5 33. Qb2+ Kh7 34. Re5 fxg4 35. Qc2 Bxh4 36. e7 Rde8 37. Rdxd5 cxd5 38. Re6 Rhg8 0-1

[Event "EU-Cup 31st"]
[Site "Skopje"]
[Date "2015.10.20"]
[Round "3.2"]
[White "Kreisl, Robert"]
[Black "Ginsburg, Gennadij"]
[Result "1-0"]
[WhiteElo "2437"]
[BlackElo "2511"]
[PlyCount "61"]
[EventDate "2015.10.18"]
[EventType "team-swiss"]
[EventRounds "7"]
[EventCountry "MKD"]
[SourceTitle "CBM 169"]
[Source "ChessBase"]
[SourceDate "2015.11.10"]
[SourceVersion "1"]
[SourceVersionDate "2015.11.10"]
[SourceQuality "1"]
[WhiteTeam "Maria Saal"]
[BlackTeam "Echternach Sprenger"]
[WhiteTeamCountry "AUT"]
[BlackTeamCountry "LUX"]

1. Nf3 Nf6 2. g3 d5 3. Bg2 e6 4. 0-0 Be7 5. c4 0-0 6. d4 Nbd7 7. Qc2 c6 8. Nbd2 b6 9. e4 Ba6 10. b3 Rc8 11. Bb2 c5 12. exd5 exd5 13. Rfd1 Qc7 14. cxd5 Nxd5 15. dxc5 bxc5 16. Nc4 Bxc4 17. Qxc4 N5b6 18. Qb5 Bf6 19. Bxf6 Nxf6 20. Rac1 Ne4 21. Nd4 Rfe8 22. Nf5 Rcd8 23. Rxd8 Qxd8 24. Bxe4 Rxe4 25. Qxc5 g6 26. Ne3 h5 27. a4 Qd2 28. Rd1 Qe2 29. Rd8+ Kh7 30. Qf8 Qb2 31. Qxf7+ 1-0